[Event "Junior Online 4NCL Division 3"]
[Site "online"]
[Date "2021.01.21"]
[Round "1.25"]
[White "Jessop, Osian"]
[Black "Bhattacharjee, Aaditya"]
[Result "0-1"]
[WhiteElo "1284"]
[BlackElo "250"]
[PlyCount "41"]
[EventDate "2021.01.21"]
[WhiteTeam "Border Bandits 2"]
[BlackTeam "East Kilbride Rooks"]

1. e4 e5 2. Nf3 Nf6 3. Nc3 Nc6 4. Bc4 Nxe4 5. Nxe4 d5 6. Bxd5 Qxd5 7. Nc3 Qd8
8. d3 Bg4 9. h3 Bh5 10. g4 Bg6 11. h4 h5 12. gxh5 Bxh5 13. Be3 Be7 14. Bg5 Bxg5
15. hxg5 Nd4 16. Rxh5 Rxh5 17. Ne2 Nxf3+ 18. Kf1 Rh1+ 19. Ng1 Rxg1+ 20. Ke2
Rxd1 21. Rxd1 0-1

[Event "Junior Online 4NCL Division 3"]
[Site "online"]
[Date "2021.01.21"]
[Round "1.26"]
[White "Biswas, Snigdha"]
[Black "Watkins, Gabby"]
[Result "0-1"]
[WhiteElo "295"]
[BlackElo "1087"]
[PlyCount "72"]
[EventDate "2021.01.21"]
[WhiteTeam "East Kilbride Rooks"]
[BlackTeam "Border Bandits 2"]

1. e4 c6 2. Nc3 d5 3. d4 Nf6 4. e5 Ng8 5. Nf3 e6 6. Bg5 Be7 7. h4 b6 8. Bd3 c5
9. dxc5 bxc5 10. Bb5+ Bd7 11. a3 d4 12. Ne4 f6 13. Bxd7+ Nxd7 14. exf6 Ngxf6
15. c3 Nxe4 16. cxd4 Nxg5 17. Nxg5 Bxg5 18. hxg5 Qxg5 19. Qf3 Rb8 20. Qc6 Ke7
21. dxc5 Qxc5 22. Qxc5+ Nxc5 23. Rc1 Nd3+ 24. Kd2 Nxc1 25. Rxc1 Rxb2+ 26. Kd1
Rxf2 27. Rc7+ Kf6 28. Rc2 Rd8+ 29. Kc1 Rxc2+ 30. Kxc2 e5 31. Kb3 e4 32. Kc2 e3
33. Kc3 e2 34. Kb4 e1=Q+ 35. Kb3 Rb8+ 36. Ka2 Qb1# 0-1

[Event "Junior Online 4NCL Division 3"]
[Site "online"]
[Date "2021.01.21"]
[Round "1.27"]
[White "Fennell, Owyn"]
[Black "Israni, Ishita"]
[Result "0-1"]
[WhiteElo "963"]
[BlackElo "302"]
[PlyCount "26"]
[EventDate "2021.01.21"]
[WhiteTeam "Border Bandits 2"]
[BlackTeam "East Kilbride Rooks"]

1. d4 d5 2. Nc3 Nf6 3. Nf3 Bf5 4. Bg5 h6 5. Bf4 Nc6 6. g3 Nh5 7. Bg2 e6 8. O-O
Bd6 9. Nh4 Bxf4 10. gxf4 Qxh4 11. Na4 Nxf4 12. Nc5 Qg5 13. Nxb7 Qxg2# 0-1

[Event "Junior Online 4NCL Division 3"]
[Site "online"]
[Date "2021.01.21"]
[Round "1.28"]
[White "Vinodh, Sampriti"]
[Black "Siddall, George"]
[Result "1/2-1/2"]
[WhiteElo "197"]
[BlackElo "708"]
[PlyCount "129"]
[EventDate "2021.01.21"]
[WhiteTeam "East Kilbride Rooks"]
[BlackTeam "Border Bandits 2"]

1. e4 e5 2. Bc4 Nf6 3. Nc3 Nc6 4. Nf3 Bc5 5. d3 h6 6. O-O O-O 7. Be3 Bxe3 8.
fxe3 d6 9. d4 exd4 10. exd4 Bg4 11. d5 Bxf3 12. Qxf3 Nd4 13. Qd1 c5 14. Ne2
Nxe2+ 15. Qxe2 Re8 16. Rf4 Re7 17. Bd3 c4 18. Bxc4 Qe8 19. Bd3 Nxd5 20. Rg4 f5
21. Rf4 Nxf4 22. Qe3 Nxd3 23. Qxd3 fxe4 24. Qxd6 e3 25. Re1 Rd8 26. Qg3 Rd2 27.
a3 Rxc2 28. b4 e2 29. Qb3+ Kf8 30. Qxc2 Qb5 31. Kf2 a5 32. Rxe2 Rxe2+ 33. Qxe2
Qxe2+ 34. Kxe2 axb4 35. axb4 Ke7 36. Kd3 Kd6 37. Kc4 Kc6 38. g4 g5 39. h3 Kd6
40. Kd4 Ke6 41. Ke4 Kf6 42. Kf3 Ke5 43. Kg3 h5 44. gxh5 Kf6 45. Kg4 b5 46. h4
gxh4 47. Kxh4 Kg7 48. Kg5 Kh7 49. h6 Kh8 50. Kg6 Kg8 51. h7+ Kh8 52. Kf6 Kxh7
53. Ke5 Kg7 54. Kd5 Kf7 55. Kc5 Ke7 56. Kxb5 Kd7 57. Kc5 Kc7 58. b5 Kb7 59. b6
Kb8 60. Kc6 Kc8 61. Kb5 Kb7 62. Kc5 Kb8 63. Kc6 Kc8 64. b7+ Kb8 65. Kb6 1/2-1/2

[Event "Junior Online 4NCL Division 3"]
[Site "online"]
[Date "2021.01.21"]
[Round "1.31"]
[White "Ford, Conor"]
[Black "McBrinn, Conall"]
[Result "0-1"]
[WhiteElo "1381"]
[BlackElo "1683"]
[PlyCount "130"]
[EventDate "2021.01.21"]
[WhiteTeam "Barnet Knights B"]
[BlackTeam "JHJ Shark Tank 1"]

1. d4 d5 2. e3 c5 3. c3 Nc6 4. Bd3 Nf6 5. Nd2 c4 6. Bc2 Bg4 7. f3 Bh5 8. Ne2 e6
9. O-O Bg6 10. Bxg6 hxg6 11. e4 Qc7 12. e5 Nd7 13. f4 Be7 14. Nf3 O-O-O 15. h3
f6 16. Be3 fxe5 17. fxe5 Rdf8 18. Qd2 Rf5 19. Ng3 Rff8 20. Rf2 Bh4 21. Nxh4
Rxf2 22. Qxf2 Rxh4 23. Bg5 Rh8 24. Rf1 b6 25. Qf7 Nf8 26. Qxc7+ Kxc7 27. Rf7+
Kc8 28. Rxg7 Kb8 29. Rf7 Nh7 30. Be7 Kc8 31. Bd6 Nb8 32. Rc7+ Kd8 33. Rg7 Na6
34. Rxg6 Nc7 35. Nh5 Nf8 36. Bxf8 Rxf8 37. Nf6 Ke7 38. Rg7+ Kd8 39. g4 Ne8 40.
Nxe8 Kxe8 41. Kg2 Rf7 42. Rxf7 Kxf7 43. Kf3 b5 44. h4 a5 45. Kf4 b4 46. g5 a4
47. h5 a3 48. g6+ Kg7 49. bxa3 bxc3 50. Kg5 c2 51. h6+ Kh8 52. g7+ Kh7 53. Kf6
c1=Q 54. Kf7 Qf4+ 55. Ke7 Qxh6 56. g8=Q+ Kxg8 57. a4 Qg6 58. a5 Qf7+ 59. Kd6
Kf8 60. a6 Qe7+ 61. Kc6 Ke8 62. a7 Qxa7 63. a4 Qa6+ 64. Kc5 Kd7 65. a5 Qxa5#
0-1

[Event "Junior Online 4NCL Division 3"]
[Site "online"]
[Date "2021.01.21"]
[Round "1.32"]
[White "Ward, Cian"]
[Black "Bracken, Layla"]
[Result "1-0"]
[WhiteElo "1651"]
[BlackElo "1311"]
[PlyCount "65"]
[EventDate "2021.01.21"]
[WhiteTeam "JHJ Shark Tank 1"]
[BlackTeam "Barnet Knights B"]

1. e4 e5 2. Nf3 Nc6 3. d4 exd4 4. Nxd4 Nf6 5. Nc3 Bb4 6. Nxc6 bxc6 7. Bd3 O-O
8. O-O d5 9. exd5 cxd5 10. Bg5 h6 11. Bxf6 Qxf6 12. Nxd5 Qd6 13. a3 Bc5 14. b4
Bd4 15. c3 Bxf2+ 16. Rxf2 Qxd5 17. Bh7+ Kxh7 18. Qxd5 Be6 19. Qe4+ Kg8 20. Raf1
Rad8 21. Qc2 a6 22. Rd2 Rc8 23. Rfd1 Bg4 24. Re1 Be6 25. Rde2 Rfe8 26. Qd2 c6
27. Qf4 Re7 28. Qd6 Rcc7 29. Qc5 g6 30. Qb6 Kf8 31. Qf2 Kg7 32. Qd4+ Kf8 33.
Qh8# 1-0

[Event "Junior Online 4NCL Division 3"]
[Site "online"]
[Date "2021.01.21"]
[Round "1.33"]
[White "Scott, Jane"]
[Black "Yu, William"]
[Result "0-1"]
[WhiteElo "1300"]
[BlackElo "1587"]
[PlyCount "42"]
[EventDate "2021.01.21"]
[WhiteTeam "Barnet Knights B"]
[BlackTeam "JHJ Shark Tank 1"]

1. e4 e6 2. d4 d5 3. Nc3 dxe4 4. Nxe4 Nd7 5. Nf3 Ngf6 6. Nxf6+ Nxf6 7. Bg5 Be7
8. Bc4 b6 9. Qd2 O-O 10. O-O-O Ne4 11. Qe2 Nxg5 12. Kb1 Bb7 13. Nd2 Bf6 14. f4
Qxd4 15. c3 Qxf4 16. Rhf1 Qe5 17. Qd3 Ne4 18. Rde1 Nxd2+ 19. Qxd2 Be4+ 20. Ka1
Rfd8 21. Qe2 Bd5 0-1

[Event "Junior Online 4NCL Division 3"]
[Site "online"]
[Date "2021.01.21"]
[Round "1.34"]
[White "Duke, Dillan"]
[Black "Malus, Sean"]
[Result "1-0"]
[WhiteElo "1558"]
[BlackElo "1228"]
[PlyCount "95"]
[EventDate "2021.01.21"]
[WhiteTeam "JHJ Shark Tank 1"]
[BlackTeam "Barnet Knights B"]

1. e4 e5 2. Nc3 Nf6 3. g3 Bc5 4. Bg2 Nc6 5. d3 d6 6. Na4 Bb4+ 7. c3 Ba5 8. b4
Bb6 9. Ne2 Be6 10. Nxb6 axb6 11. a3 Nh5 12. O-O Qd7 13. a4 Bh3 14. Be3 Bxg2 15.
Kxg2 Nf6 16. h3 h5 17. Nc1 h4 18. g4 Nxg4 19. Qxg4 Qxg4+ 20. hxg4 h3+ 21. Kg3
O-O-O 22. b5 Rh7 23. bxc6 Rdh8 24. cxb7+ Kxb7 25. Rh1 h2 26. Ne2 Rh3+ 27. Kg2
R8h4 28. f3 f6 29. Bf2 Rh6 30. Bg3 g6 31. Rxh2 Rxh2+ 32. Bxh2 f5 33. Rb1 fxg4
34. fxg4 Rh4 35. Kg3 Rh6 36. a5 Ka6 37. axb6 cxb6 38. Bg1 Rh1 39. Rxb6+ Ka7 40.
Rxd6+ Kb7 41. Rxg6 Rh3+ 42. Kxh3 Kc8 43. Rg7 Kd8 44. g5 Ke8 45. Ra7 Kd8 46. g6
Kc8 47. g7 Kb8 48. g8=Q# 1-0

[Event "Junior Online 4NCL Division 3"]
[Site "online"]
[Date "2021.01.21"]
[Round "1.35"]
[White "McBrinn, Conall"]
[Black "Ford, Conor"]
[Result "1-0"]
[WhiteElo "1683"]
[BlackElo "1381"]
[PlyCount "111"]
[EventDate "2021.01.21"]
[WhiteTeam "JHJ Shark Tank 1"]
[BlackTeam "Barnet Knights B"]

1. d4 f5 2. c4 Nf6 3. Nc3 e6 4. Nf3 c6 5. Bf4 d5 6. c5 Nbd7 7. e3 Be7 8. h3 O-O
9. Bd3 h6 10. Ne5 Nxe5 11. Bxe5 Ne4 12. Nxe4 fxe4 13. Be2 Bh4 14. g3 Bf6 15.
Bd6 Be7 16. Bxe7 Qxe7 17. Bg4 Qf6 18. Qe2 e5 19. Bxc8 Rb8 20. Bg4 exd4 21. exd4
Qf7 22. O-O-O Rbe8 23. Rhf1 Qf6 24. Qd2 Re7 25. Rde1 Ref7 26. Bh5 Re7 27. f3 g6
28. fxe4 Qg5 29. Qxg5 hxg5 30. Bxg6 Rxf1 31. Rxf1 Kg7 32. Bf5 Rf7 33. g4 a6 34.
e5 Kf8 35. Re1 Ke7 36. b4 Rf8 37. Kd2 Rf7 38. Ke2 Rf8 39. Rf1 Rf7 40. Bd3 Rg7
41. Rf5 Rg8 42. Kf3 Rg7 43. Kg3 Rg8 44. h4 Rg7 45. h5 Rh7 46. Rxg5 Rh6 47. Rg6
Rh7 48. Re6+ Kxe6 49. Bxh7 Kf7 50. g5 Kg7 51. g6 Kh6 52. e6 Kxh5 53. e7 Kh6 54.
e8=Q b5 55. Kh4 a5 56. Qf8# 1-0

[Event "Junior Online 4NCL Division 3"]
[Site "online"]
[Date "2021.01.21"]
[Round "1.36"]
[White "Bracken, Layla"]
[Black "Ward, Cian"]
[Result "0-1"]
[WhiteElo "1311"]
[BlackElo "1651"]
[PlyCount "112"]
[EventDate "2021.01.21"]
[WhiteTeam "Barnet Knights B"]
[BlackTeam "JHJ Shark Tank 1"]

1. e4 e5 2. Nf3 Nc6 3. Nc3 Nf6 4. Bb5 Bb4 5. Bxc6 dxc6 6. d3 Bg4 7. O-O O-O 8.
h3 Bxf3 9. Qxf3 Nd7 10. Qg3 Qf6 11. f4 Qg6 12. Qf3 exf4 13. Bxf4 Bd6 14. Ne2
Ne5 15. Qf2 Qf6 16. Rab1 Ng6 17. c3 Nxf4 18. Nxf4 Bxf4 19. Qxf4 Qxf4 20. Rxf4
Rad8 21. Rd1 c5 22. b3 Rd7 23. g4 Rfd8 24. Rf3 Re7 25. Kg2 Rxe4 26. dxe4 Rxd1
27. Kg3 g6 28. a3 Re1 29. Kf4 Rd1 30. Kg5 Kg7 31. c4 f6+ 32. Kh4 Re1 33. Kg3
Rxe4 34. Rd3 Rd4 35. Re3 Kf7 36. Kf3 h6 37. h4 g5 38. hxg5 hxg5 39. Kg3 c6 40.
Kf2 Rxg4 41. Kf3 Rf4+ 42. Kg3 Rd4 43. Kf3 f5 44. Kf2 Kf6 45. Ke2 Re4 46. Rxe4
fxe4 47. Ke3 Ke5 48. Ke2 g4 49. Kf2 Kf4 50. Ke2 g3 51. Kf1 Kf3 52. Kg1 g2 53.
Kh2 Kf2 54. Kh3 g1=Q 55. Kh4 Kf3 56. Kh3 Qh1# 0-1

[Event "Junior Online 4NCL Division 3"]
[Site "online"]
[Date "2021.01.21"]
[Round "1.37"]
[White "Yu, William"]
[Black "Scott, Jane"]
[Result "1-0"]
[WhiteElo "1587"]
[BlackElo "1300"]
[PlyCount "53"]
[EventDate "2021.01.21"]
[WhiteTeam "JHJ Shark Tank 1"]
[BlackTeam "Barnet Knights B"]

1. d4 Nf6 2. Bf4 g6 3. e3 Bg7 4. Be2 O-O 5. Nd2 d6 6. Ngf3 Nbd7 7. c3 Ne8 8. h3
e5 9. dxe5 dxe5 10. Bg3 f5 11. Nc4 e4 12. Nfe5 Nef6 13. Bh4 Nxe5 14. Qxd8 Rxd8
15. Nxe5 Re8 16. Nc4 Be6 17. O-O Rad8 18. Rfd1 Rd7 19. Ne5 Rxd1+ 20. Rxd1 Bxa2
21. Nc4 Bxc4 22. Bxc4+ Kh8 23. Bxf6 Bxf6 24. Rd7 Rc8 25. Be6 h5 26. Rf7 Bg7 27.
Bxc8 1-0

[Event "Junior Online 4NCL Division 3"]
[Site "online"]
[Date "2021.01.21"]
[Round "1.38"]
[White "Malus, Sean"]
[Black "Duke, Dillan"]
[Result "0-1"]
[WhiteElo "1228"]
[BlackElo "1558"]
[PlyCount "52"]
[EventDate "2021.01.21"]
[WhiteTeam "Barnet Knights B"]
[BlackTeam "JHJ Shark Tank 1"]

1. e4 e6 2. d4 d5 3. e5 c5 4. c3 Nc6 5. Nf3 Qb6 6. Bd3 cxd4 7. cxd4 Bd7 8. Bc2
Nb4 9. Na3 Nxc2+ 10. Qxc2 Rc8 11. Qd2 Bb4 12. Qxb4 Qxb4+ 13. Bd2 Qxb2 14. O-O
Qxa3 15. Bb4 Qxb4 16. Rab1 Qa4 17. Rxb7 Ne7 18. Ng5 h6 19. Nf3 O-O 20. Rfb1
Rfd8 21. h3 Rc2 22. R7b4 Qxa2 23. Ne1 Rxf2 24. Nd3 Rxg2+ 25. Kh1 Rh2+ 26. Kg1
Qg2# 0-1

[Event "Junior Online 4NCL Division 3"]
[Site "online"]
[Date "2021.01.21"]
[Round "1.41"]
[White "Suyash Srikanta Prasad"]
[Black "Edwards, Benjy"]
[Result "1-0"]
[WhiteElo "1735"]
[BlackElo "939"]
[PlyCount "79"]
[EventDate "2021.01.21"]
[WhiteTeam "Maidenhead Juniors 1"]
[BlackTeam "Surrey Kings 2"]

1. e4 e6 2. d4 d5 3. exd5 exd5 4. c4 Bf5 5. Nc3 Nf6 6. Bg5 Bb4 7. Qa4+ Nc6 8.
cxd5 Bxc3+ 9. bxc3 Qxd5 10. Bxf6 gxf6 11. Qc4 Qxc4 12. Bxc4 O-O-O 13. Bxf7 Bg6
14. Bxg6 hxg6 15. Nf3 Rhe8+ 16. Kd2 g5 17. Rhe1 g4 18. Nh4 Re7 19. Nf5 Rxe1 20.
Rxe1 Na5 21. Re6 b6 22. Rxf6 c5 23. Rg6 cxd4 24. Nxd4 Nc4+ 25. Kc2 Ne5 26. Re6
Rd5 27. f4 Kd7 28. Rxe5 Rxe5 29. fxe5 Ke7 30. Kd3 a5 31. Ke4 Ke8 32. Kf4 Ke7
33. Kxg4 Ke8 34. Kf5 Ke7 35. e6 Ke8 36. Kf6 a4 37. e7 a3 38. Ke6 b5 39. Nf5 b4
40. Ng7# 1-0

[Event "Junior Online 4NCL Division 3"]
[Site "online"]
[Date "2021.01.21"]
[Round "1.42"]
[White "Arora, Bukkan"]
[Black "Wenninger, Maxim"]
[Result "0-1"]
[WhiteElo "1000"]
[BlackElo "1672"]
[PlyCount "58"]
[EventDate "2021.01.21"]
[WhiteTeam "Surrey Kings 2"]
[BlackTeam "Maidenhead Juniors 1"]

1. e4 c5 2. Nf3 d6 3. Bc4 e6 4. Nc3 Nc6 5. d3 Nf6 6. Bf4 d5 7. exd5 exd5 8. Bb3
Be7 9. Qd2 O-O 10. O-O-O a6 11. a3 b5 12. g4 Bxg4 13. Qe2 b4 14. Nb1 a5 15. a4
Nd4 16. Nxd4 Bxe2 17. Rde1 cxd4 18. Rxe2 Bd6 19. Bxd6 Qxd6 20. Rhe1 Qf4+ 21.
Kd1 Ng4 22. Bxd5 Nxf2+ 23. Rxf2 Qxf2 24. Bxa8 Rxa8 25. Nd2 Kf8 26. Ne4 Qf3+ 27.
Kc1 b3 28. c4 Qxd3 29. Nd6 Qc2# 0-1

[Event "Junior Online 4NCL Division 3"]
[Site "online"]
[Date "2021.01.21"]
[Round "1.43"]
[White "Muppidi, Anirudh"]
[Black "Salguero, Santiago"]
[Result "1-0"]
[WhiteElo "1621"]
[BlackElo "927"]
[PlyCount "23"]
[EventDate "2021.01.21"]
[WhiteTeam "Maidenhead Juniors 1"]
[BlackTeam "Surrey Kings 2"]

1. e4 e5 2. Nf3 Nc6 3. Bc4 Bc5 4. d3 d6 5. Nc3 Nf6 6. Bg5 Bg4 7. Bxf6 gxf6 8.
h3 Bxf3 9. Qxf3 Rg8 10. O-O f5 11. Qxf5 Nd4 12. Qxf7# 1-0

[Event "Junior Online 4NCL Division 3"]
[Site "online"]
[Date "2021.01.21"]
[Round "1.44"]
[White "Flanders, William"]
[Black "Koppuravuri, Shrihan"]
[Result "0-1"]
[WhiteElo "907"]
[BlackElo "1552"]
[PlyCount "50"]
[EventDate "2021.01.21"]
[WhiteTeam "Surrey Kings 2"]
[BlackTeam "Maidenhead Juniors 1"]

1. e4 c5 2. c3 Nc6 3. Nf3 e6 4. d4 d5 5. dxc5 Bxc5 6. exd5 exd5 7. c4 d4 8. Bd2
h6 9. a3 a5 10. Bd3 Nf6 11. Nh4 O-O 12. O-O Ne5 13. Bf5 Nh7 14. Bxc8 Rxc8 15.
b4 axb4 16. axb4 Be7 17. c5 Bxh4 18. g3 Bf6 19. Qa4 Nf3+ 20. Kg2 Qd5 21. Kh3
Nhg5+ 22. Kg4 h5+ 23. Kxh5 Ne4+ 24. Kg4 Nxh2+ 25. Kf4 Qe5# 0-1

[Event "Junior Online 4NCL Division 3"]
[Site "online"]
[Date "2021.01.21"]
[Round "1.46"]
[White "Wenninger, Maxim"]
[Black "Arora, Bukkan"]
[Result "1-0"]
[WhiteElo "1672"]
[BlackElo "1000"]
[PlyCount "49"]
[EventDate "2021.01.21"]
[WhiteTeam "Maidenhead Juniors 1"]
[BlackTeam "Surrey Kings 2"]

1. e4 e5 2. Nf3 Nc6 3. Bc4 Bc5 4. d3 d6 5. c3 Bg4 6. Bb3 Bxf3 7. Qxf3 Nf6 8.
Bg5 O-O 9. Nd2 h6 10. Bh4 Qe7 11. g4 Rfe8 12. g5 hxg5 13. Bxg5 Rad8 14. h4 a5
15. h5 b5 16. a3 a4 17. Ba2 Bb6 18. h6 g6 19. Bxf6 Qe6 20. Bxe6 Rxe6 21. Bxd8
Nxd8 22. h7+ Kh8 23. O-O-O Nc6 24. Qxf7 Nd8 25. Qg8# 1-0

[Event "Junior Online 4NCL Division 3"]
[Site "online"]
[Date "2021.01.21"]
[Round "1.47"]
[White "Salguero, Santiago"]
[Black "Muppidi, Anirudh"]
[Result "0-1"]
[WhiteElo "927"]
[BlackElo "1621"]
[PlyCount "62"]
[EventDate "2021.01.21"]
[WhiteTeam "Surrey Kings 2"]
[BlackTeam "Maidenhead Juniors 1"]

1. e4 e5 2. Nf3 Nc6 3. Bc4 Bc5 4. d3 Nf6 5. Nc3 h6 6. Be3 Bb6 7. O-O d6 8. Nd5
Bg4 9. h3 Bh5 10. g4 Bg6 11. h4 Nxg4 12. Nd2 Qxh4 13. Nf3 Qd8 14. Nh2 Nxe3 15.
fxe3 Qg5+ 16. Kh1 O-O 17. Rg1 Qd8 18. Qf3 Kh8 19. Raf1 Qd7 20. Ng4 Na5 21. Nxb6
axb6 22. b3 Nxc4 23. dxc4 Qc6 24. a4 Bxe4 25. Qxe4 Qxe4+ 26. Rg2 f5 27. Nf2 Qc6
28. Nd3 Rf6 29. Nb4 Qe4 30. Nd5 Rg6 31. Ne7 Qxg2# 0-1

[Event "Junior Online 4NCL Division 3"]
[Site "online"]
[Date "2021.01.21"]
[Round "1.48"]
[White "Koppuravuri, Shrihan"]
[Black "Flanders, William"]
[Result "1-0"]
[WhiteElo "1552"]
[BlackElo "907"]
[PlyCount "87"]
[EventDate "2021.01.21"]
[WhiteTeam "Maidenhead Juniors 1"]
[BlackTeam "Surrey Kings 2"]

1. e4 e5 2. Nf3 Nc6 3. Bc4 Nf6 4. d3 Bc5 5. h3 h6 6. a3 O-O 7. Nc3 a6 8. O-O d6
9. Be3 Bxe3 10. fxe3 Na5 11. Ba2 Be6 12. d4 exd4 13. exd4 Re8 14. d5 Bd7 15. b4
Bb5 16. Nxb5 axb5 17. bxa5 Nxe4 18. Qd3 Nf6 19. Rae1 Rxe1 20. Rxe1 c6 21. dxc6
bxc6 22. Nd4 Qxa5 23. Re3 Re8 24. Rxe8+ Nxe8 25. Qe3 Nf6 26. Nxc6 Qc7 27. Nd4
d5 28. Bb3 g5 29. Nxb5 Qb8 30. Qd4 Qxb5 31. Qxf6 Qc5+ 32. Kh1 Qb5 33. Qd8+ Kg7
34. Qxd5 Qxd5 35. Bxd5 Kf6 36. a4 Ke5 37. c4 Kd6 38. Kg1 Kc5 39. Bxf7 Kb4 40.
Kf2 Kxa4 41. Kg3 Kb4 42. Kg4 Kc5 43. Kh5 Kd4 44. Kxh6 1-0

[Event "Junior Online 4NCL Division 3"]
[Site "online"]
[Date "2021.01.21"]
[Round "1.51"]
[White "Thompson, Alex"]
[Black "Eedle, Eric F"]
[Result "0-1"]
[WhiteElo "1554"]
[BlackElo "1638"]
[PlyCount "40"]
[EventDate "2021.01.21"]
[WhiteTeam "Surrey Kings 1"]
[BlackTeam "Barnet Knights A"]

1. d4 Nf6 2. c4 e6 3. Nc3 Bb4 4. e3 O-O 5. Nge2 d5 6. a3 Be7 7. Ng3 a5 8. b3 b6
9. Bd3 Bb7 10. cxd5 exd5 11. O-O Nbd7 12. f3 Re8 13. Qc2 c5 14. Bb2 Rc8 15. Qd2
Nf8 16. Rfe1 Ne6 17. Rac1 cxd4 18. exd4 Nxd4 19. Bxh7+ Nxh7 20. Qxd4 Bc5 0-1

[Event "Junior Online 4NCL Division 3"]
[Site "online"]
[Date "2021.01.21"]
[Round "1.52"]
[White "Angelopoulos, Andreas"]
[Black "Pradhan, Ayan"]
[Result "1-0"]
[WhiteElo "1639"]
[BlackElo "1475"]
[PlyCount "105"]
[EventDate "2021.01.21"]
[WhiteTeam "Barnet Knights A"]
[BlackTeam "Surrey Kings 1"]

1. d4 Nf6 2. c4 g6 3. Nc3 Bg7 4. e4 d6 5. Nf3 O-O 6. Be2 Bd7 7. O-O c5 8. d5
Ne8 9. Be3 Nc7 10. Qd2 f5 11. exf5 Bxf5 12. Bh6 Nd7 13. Bxg7 Kxg7 14. Rfe1 e6
15. dxe6 Nxe6 16. Bd3 Nd4 17. Nxd4 cxd4 18. Bxf5 dxc3 19. Qxc3+ Nf6 20. Bd3 Rc8
21. b3 d5 22. Qb2 dxc4 23. Bxc4 a6 24. Rad1 Qc7 25. Rc1 Qd8 26. h3 Re8 27. Rcd1
Rxe1+ 28. Rxe1 Rc7 29. Qe5 Rf7 30. Bxf7 Kxf7 31. Qe6+ Kg7 32. Qe7+ Qxe7 33.
Rxe7+ Kh6 34. Rxb7 Nh5 35. Rb6 Nf4 36. Rxa6 Ne2+ 37. Kf1 Nf4 38. Rc6 Nh5 39. a4
Ng7 40. a5 Nf5 41. a6 Nd4 42. a7 Nxc6 43. a8=Q Nd4 44. Qe4 Nf5 45. b4 Nd6 46.
Qf4+ Kg7 47. Qxd6 Kf7 48. b5 Ke8 49. b6 Kf7 50. b7 Ke8 51. b8=Q+ Kf7 52. Qbc7+
Kg8 53. Qdd8# 1-0

[Event "Junior Online 4NCL Division 3"]
[Site "online"]
[Date "2021.01.21"]
[Round "1.53"]
[White "Josse, Ben"]
[Black "Drel, Anton"]
[Result "0-1"]
[WhiteElo "1232"]
[BlackElo "1600"]
[PlyCount "56"]
[EventDate "2021.01.21"]
[WhiteTeam "Surrey Kings 1"]
[BlackTeam "Barnet Knights A"]

1. e4 e5 2. Nf3 Nc6 3. Bc4 Bc5 4. c3 Nf6 5. d4 exd4 6. cxd4 Bb4+ 7. Nc3 Nxe4 8.
O-O Bxc3 9. d5 Ne5 10. bxc3 Nxc4 11. Qd4 O-O 12. Qxe4 Nd6 13. Qf4 b6 14. Ba3
Bb7 15. c4 Qf6 16. Qxf6 gxf6 17. Rfe1 Rfe8 18. Bxd6 cxd6 19. Nd4 Rxe1+ 20. Rxe1
Ba6 21. Nf5 Bxc4 22. f3 Bxa2 23. Kf2 Kf8 24. Nxd6 Bxd5 25. Kg3 a5 26. Kf4 a4
27. Kf5 Be6+ 28. Kxf6 a3 0-1

[Event "Junior Online 4NCL Division 3"]
[Site "online"]
[Date "2021.01.21"]
[Round "1.54"]
[White "Tokar, Kyrylo"]
[Black "Lee, Damin"]
[Result "0-1"]
[WhiteElo "1479"]
[BlackElo "1149"]
[PlyCount "72"]
[EventDate "2021.01.21"]
[WhiteTeam "Barnet Knights A"]
[BlackTeam "Surrey Kings 1"]

1. e4 e5 2. Nf3 Nc6 3. Bc4 Bc5 4. d3 Nf6 5. Bg5 d6 6. Nc3 Bb4 7. O-O Bg4 8. h3
Bh5 9. Nd5 Nd4 10. Nxf6+ gxf6 11. Bh4 Nxf3+ 12. gxf3 Qe7 13. Kh2 O-O-O 14. a3
Bc5 15. b4 Bd4 16. Ra2 c6 17. a4 d5 18. exd5 cxd5 19. Bb3 e4 20. dxe4 dxe4 21.
Qe2 Bxf3 22. Qc4+ Kb8 23. Bg3+ Ka8 24. a5 Be5 25. a6 Bxg3+ 26. fxg3 b6 27. Qc6+
Kb8 28. Bd5 Rhg8 29. Qa8+ Kc7 30. Qb7+ Kd6 31. Qc6+ Ke5 32. Rd1 Bxd1 33. Bxe4
Rd2+ 34. Kh1 Rxg3 35. Ra4 Rxh3+ 36. Kg1 Kf4 0-1

[Event "Junior Online 4NCL Division 3"]
[Site "online"]
[Date "2021.01.21"]
[Round "1.55"]
[White "Eedle, Eric F"]
[Black "Thompson, Alex"]
[Result "1-0"]
[WhiteElo "1638"]
[BlackElo "1554"]
[PlyCount "97"]
[EventDate "2021.01.21"]
[WhiteTeam "Barnet Knights A"]
[BlackTeam "Surrey Kings 1"]

1. d4 e6 2. c4 Bb4+ 3. Bd2 a5 4. Nf3 Nf6 5. Nc3 b6 6. e3 d6 7. Be2 Bb7 8. O-O
Nbd7 9. Rc1 O-O 10. a3 Bxc3 11. Bxc3 Re8 12. b4 axb4 13. axb4 e5 14. d5 Ne4 15.
Qc2 f5 16. Ra1 Qf6 17. Bb2 Qh6 18. Bd3 Ndf6 19. Bxe4 Nxe4 20. Nd2 Nf6 21. Nb3
c6 22. dxc6 Bxc6 23. Qxf5 Be4 24. Qh3 Qxh3 25. gxh3 Rec8 26. Rfc1 Nd7 27. Nd2
Bb7 28. e4 Kf7 29. f3 Kg6 30. Kf2 h5 31. Nf1 Kf6 32. Ne3 g6 33. Rd1 Ke6 34. Bc3
Rf8 35. Nd5 Bxd5 36. cxd5+ Ke7 37. Bd2 b5 38. Be3 Nf6 39. Kg3 Kd7 40. Rdc1 Rfc8
41. Rxa8 Rxa8 42. Bb6 Ne8 43. Ba5 Rc8 44. Rxc8 Kxc8 45. Kh4 Kd7 46. Kg5 Ke7 47.
Kxg6 Nf6 48. Bd8+ Kxd8 49. Kxf6 1-0

[Event "Junior Online 4NCL Division 3"]
[Site "online"]
[Date "2021.01.21"]
[Round "1.56"]
[White "Pradhan, Ayan"]
[Black "Angelopoulos, Andreas"]
[Result "0-1"]
[WhiteElo "1475"]
[BlackElo "1639"]
[PlyCount "150"]
[EventDate "2021.01.21"]
[WhiteTeam "Surrey Kings 1"]
[BlackTeam "Barnet Knights A"]

1. e4 c6 2. d4 d5 3. e5 Bf5 4. Nf3 c5 5. c3 e6 6. Be2 Nd7 7. O-O Ne7 8. Be3 Nc6
9. Bg5 Qb6 10. Qd2 cxd4 11. cxd4 Be7 12. Bxe7 Nxe7 13. Nc3 O-O 14. Na4 Qd8 15.
Nh4 a6 16. Nxf5 Nxf5 17. Bd3 Nxd4 18. Qe3 Nc6 19. Qh3 g6 20. Kh1 Ndxe5 21. Bc2
Nd7 22. f4 b5 23. Nc3 Nf6 24. g4 Nd4 25. Bd3 Rc8 26. f5 exf5 27. gxf5 Nc6 28.
Qf3 d4 29. Ne4 Ne5 30. Nxf6+ Qxf6 31. Qe4 Nxd3 32. Qxd3 Qd6 33. fxg6 Qc6+ 34.
Kg1 Qxg6+ 35. Qxg6+ fxg6 36. Rxf8+ Rxf8 37. Rf1 Rc8 38. Rf6 Rc1+ 39. Kg2 Rc2+
40. Kg3 a5 41. Ra6 a4 42. b3 axb3 43. axb3 Rc3+ 44. Kf4 Rxb3 45. Ke4 Rb2 46.
Kxd4 Rxh2 47. Rb6 Rb2 48. Kc3 Rb1 49. Kc2 Rb4 50. Kc3 Rf4 51. Rxb5 Kg7 52. Rb7+
Rf7 53. Rxf7+ Kxf7 54. Kd3 Kf6 55. Ke3 Kf5 56. Kf3 h5 57. Kg3 g5 58. Kg2 h4 59.
Kh3 Kf4 60. Kg2 g4 61. Kf2 g3+ 62. Kg2 Kg4 63. Kg1 Kh3 64. Kh1 Kg4 65. Kg2 h3+
66. Kh1 Kf3 67. Kg1 h2+ 68. Kh1 g2+ 69. Kxh2 Kf2 70. Kh3 g1=Q 71. Kh4 Kf3 72.
Kh5 Kf4 73. Kh6 Kf5 74. Kh7 Kf6 75. Kh8 Qg7# 0-1

[Event "Junior Online 4NCL Division 3"]
[Site "online"]
[Date "2021.01.21"]
[Round "1.57"]
[White "Drel, Anton"]
[Black "Josse, Ben"]
[Result "1-0"]
[WhiteElo "1600"]
[BlackElo "1232"]
[PlyCount "59"]
[EventDate "2021.01.21"]
[WhiteTeam "Barnet Knights A"]
[BlackTeam "Surrey Kings 1"]

1. e4 e6 2. d4 d5 3. e5 c5 4. c3 Nc6 5. Nf3 Bd7 6. Be3 Qb6 7. Qc2 cxd4 8. cxd4
Rc8 9. Nc3 Nge7 10. Be2 Nf5 11. Qd2 Na5 12. O-O Nc4 13. Bxc4 Rxc4 14. Rac1 Be7
15. b3 Rc7 16. Bf4 O-O 17. Nxd5 exd5 18. Rxc7 Qxc7 19. e6 Bd6 20. Bxd6 Qxd6 21.
exd7 Qxd7 22. g4 Nd6 23. Ne5 Qb5 24. f3 f6 25. Nd3 Re8 26. Nf4 g5 27. Nh5 Kf7
28. Qc2 Rh8 29. Qc7+ Ke6 30. Ng7# 1-0

[Event "Junior Online 4NCL Division 3"]
[Site "online"]
[Date "2021.01.21"]
[Round "1.58"]
[White "Lee, Damin"]
[Black "Tokar, Kyrylo"]
[Result "1-0"]
[WhiteElo "1149"]
[BlackElo "1479"]
[PlyCount "35"]
[EventDate "2021.01.21"]
[WhiteTeam "Surrey Kings 1"]
[BlackTeam "Barnet Knights A"]

1. e4 c5 2. Nc3 e6 3. Nf3 d5 4. exd5 exd5 5. d4 Nf6 6. dxc5 Bxc5 7. Bb5+ Nc6 8.
Be3 Bxe3 9. fxe3 O-O 10. Bxc6 bxc6 11. Nd4 Ba6 12. Qd2 c5 13. Nde2 Bxe2 14.
Qxe2 Qa5 15. O-O Rfe8 16. Qf3 d4 17. Nd5 Re6 18. Nxf6+ 1-0